[Event "Tunja Boyacense op"]
[Site "Tunja"]
[Date "2018.12.15"]
[Round "4"]
[White "Cala Bayona, Jose Claudio"]
[Black "Carrillo Rosas, Yesid"]
[Result "0-1"]
[WhiteElo "1655"]
[BlackElo "1796"]
[PlyCount "62"]
[EventDate "2018.12.13"]
[EventType "swiss"]
[EventRounds "7"]
[EventCountry "COL"]
[SourceTitle "CBM 187 Extra"]
[Source "ChessBase"]
[SourceDate "2018.11.04"]
[SourceVersion "1"]
[SourceVersionDate "2018.11.04"]
[SourceQuality "1"]

1. b3 e5 2. Bb2 d6 3. d4 exd4 4. Bxd4 Nc6 5. e3 a6 6. h3 Nf6 7. Bb2 g6 8. Nd2 Bg7 9. Ne2 0-0 10. Ng3 d5 11. h4 h5 12. c4 Re8 13. Be2 d4 14. exd4 Nxd4 15. Nf3 Nxf3+ 16. gxf3 Qe7 17. Qc2 b6 18. 0-0-0 Bb7 19. Qc3 Rac8 20. Kb1 c5 21. Rd2 b5 22. Rhd1 b4 23. Qc2 a5 24. Rd6 Rc6 25. R6d3 Re6 26. R3d2 Bh6 27. Bxf6 Qxf6 28. Rd7 Bg7 29. Kc1 Bc6 30. R7d6 Rxd6 31. Rxd6 Qxd6 0-1

[Event "Tunja Boyacense op"]
[Site "Tunja"]
[Date "2018.12.15"]
[Round "5"]
[White "Carrillo Rosas, Yesid"]
[Black "Guerrero, Hernando"]
[Result "0-1"]
[WhiteElo "1796"]
[BlackElo "1803"]
[PlyCount "28"]
[EventDate "2018.12.13"]
[EventType "swiss"]
[EventRounds "7"]
[EventCountry "COL"]
[SourceTitle "CBM 187 Extra"]
[Source "ChessBase"]
[SourceDate "2018.11.04"]
[SourceVersion "1"]
[SourceVersionDate "2018.11.04"]
[SourceQuality "1"]

1. e4 d6 2. d4 Nf6 3. Nc3 c6 4. Bg5 Nbd7 5. e5 dxe5 6. dxe5 Nxe5 7. Qxd8+ Kxd8 8. Bxf6 exf6 9. 0-0-0+ Kc7 10. h3 Be6 11. a3 Be7 12. f4 Nd7 13. g4 f5 14. g5 g6 0-1

[Event "Tunja Boyacense op"]
[Site "Tunja"]
[Date "2018.12.13"]
[Round "1"]
[White "Carrillo Rosas, Yesid"]
[Black "Nino Perez, Diego Dayan"]
[Result "0-1"]
[WhiteElo "1796"]
[BlackElo "1936"]
[PlyCount "102"]
[EventDate "2018.12.13"]
[EventType "swiss"]
[EventRounds "7"]
[EventCountry "COL"]
[SourceTitle "CBM 187 Extra"]
[Source "ChessBase"]
[SourceDate "2018.11.04"]
[SourceVersion "1"]
[SourceVersionDate "2018.11.04"]
[SourceQuality "1"]

1. e4 c5 2. Nf3 e6 3. g3 d5 4. exd5 exd5 5. Qe2+ Be7 6. Bg2 Nc6 7. c3 Nf6 8. d4 0-0 9. 0-0 c4 10. Bg5 h6 11. Bxf6 Bxf6 12. Re1 Bg4 13. Qc2 Qd6 14. Nbd2 Bh5 15. b3 b5 16. a4 cxb3 17. Qxb3 b4 18. a5 Rab8 19. c4 Nxd4 20. Nxd4 Bxd4 21. Rac1 dxc4 22. Nxc4 Qc5 23. Rc2 Bc3 24. Rxc3 bxc3 25. Qxc3 Rfc8 26. Bf1 f6 27. Qd2 Bf7 28. Ne3 Rb4 29. Bh3 Rcb8 30. Rc1 Qxc1+ 31. Qxc1 Rb1 32. Qxb1 Rxb1+ 33. Bf1 Ra1 34. a6 Be6 35. Kg2 Bc8 36. Nc2 Ra5 37. Nb4 Be6 38. h4 Ra4 39. Nc2 Bc4 40. Ne3 Bxf1+ 41. Kxf1 Rxa6 42. Nc4 Ra2 43. Ke1 Kf7 44. g4 Ra4 45. Ne3 Ke6 46. Kd1 Ra2 47. f4 a5 48. Kc1 a4 49. g5 Rf2 50. f5+ Rxf5 51. Nc2 fxg5 0-1